000 01000nac a22002771u 4500
010 _a 00043298
020 _a0471386480 (pbk. : alk. paper)
082 0 0 _a620.0042
_bDOM
090 _c5653
_d5653
100 _aDominick, Peter G.
245 0 0 _aTools and tactics of design /
_cPeter G. Dominick ... [et al.].
260 _aNew York :
_bWiley,c.2001.
_cc.2001.
300 _axii, 221 p. :
_bill. ;
_c23 cm.
500 _aDistributer : Al-Ahram.
504 _aIncludes bibliographical references and index.
511 _aCatalogued By :Mahitab.
650 0 _aEngineering design.
700 1 _aDemel, John T.
700 1 _aLawbaugh, William M.
700 1 _aFreuler, Richard J.
700 1 _aKinzel, Gary L.
700 1 _aFromm, Eli.
856 4 2 _3Publisher description
_uhttp://www.loc.gov/catdir/description/wiley035/00043298.html
856 4 2 _3Table of Contents
_uhttp://www.loc.gov/catdir/toc/onix06/00043298.html
942 _cBB
_k620.0042DOM
999 _c5653
_d5653